Plant Cell, tissue and organ culture: Fundamental methods (Record no. 3243)
[ view plain ]
| 000 -LEADER | |
|---|---|
| fixed length control field | 00482nam a2200169Ia 4500 |
| 008 - FIXED-LENGTH DATA ELEMENTS--GENERAL INFORMATION | |
| fixed length control field | 230917s9999||||xx |||||||||||||| ||und|| |
| 020 ## - ISBN | |
| Price | RS 2495.00 |
| 040 ## - CATALOGING SOURCE | |
| -- | 5011333 |
| Original cataloging agency | VIVEKANANDA LIBRARY |
| 041 ## - Language | |
| -- | English |
| 082 ## - DDC NUMBER | |
| Classification number | 581.87 P692P |
| 100 ## - MAIN ENTRY--PERSONAL NAME | |
| Personal name | Gamborg, O L, ed. |
| 245 #0 - TITLE STATEMENT | |
| Title | Plant Cell, tissue and organ culture: Fundamental methods |
| 260 ## - PUBLICATION, DISTRIBUTION, ETC. (IMPRINT) | |
| Place of publication, distribution, etc | Berlin |
| Name of publisher, distributor, etc | Springer-Verlag |
| Date of publication, distribution, etc | 2019 |
| 300 ## - PHYSICAL DESCRIPTION | |
| Pages | xxiv, 358 p. |
| 500 ## - GENERAL NOTE | |
| General note | 4168 27/10/2021 RK22/1849 28/12/2021 UIET (SFS) |
| 942 ## - ADDED ENTRY ELEMENTS (KOHA) | |
| Koha item type | Books |
| Withdrawn status | Lost status | Damaged status | Not for loan | Location (home branch) | Sublocation or collection (holding branch) | Shelving location | Date acquired | Koha issues (times borrowed) | Koha full call number | Accession No. | Koha date last seen | Koha item type |
|---|---|---|---|---|---|---|---|---|---|---|---|---|
| VIVEKANANDA LIBRARY | VIVEKANANDA LIBRARY | UIET Library | 05/02/2022 | 581.87 P692P | 393604 | 17/09/2023 | Books |
